000 00513nam a2200205Ia 4500
003 GCL
008 140319s9999 xx 000 0 eng d
040 _aGCL /
_cGCL
082 0 4 _a741.6
_bB C
100 1 _aBRODY, NEVILLE
245 1 0 _aCONTEMPT, DESIGN AND GRAPHIC /
_cBRODY, NEVILLE
700 1 _aBLACKWELL, LEWIS
260 _a[S.N] :
_bLAURENCE KING PUBLISHING ،
_c1996
300 _a191 P
650 0 4 _aARTS
650 0 4 _aDESIGN
650 0 4 _aDESIGN GRAPHIC
650 0 4 _aGRAPHIC
942 _2ddc
_cBK
999 _c14739
_d14739